Zvýšení meze únavy kuličkováním /

Salvato in:
Dettagli Bibliografici
Autore principale: Shon, Josef (Autore)
Natura: Libro
Lingua:ceco
Pubblicazione: Praha : Průmyslové vydavatelství, 1952
Soggetti:
Tags: Aggiungi Tag
Nessun Tag, puoi essere il primo ad aggiungerne!!

MARC

LEADER 00000nam a22000003a 4500
001 stu41849
005 20150617225719.5
008 940125s1952----cs------------------cze-d
040 |a STU  |b slo 
041 0 |a cze 
044 |a cs 
080 |a 621.787.6 
100 1 |a Shon, Josef  |4 aut 
245 1 |a Zvýšení meze únavy kuličkováním /  |c [aut.]Josef Shon 
260 |a Praha :  |b Průmyslové vydavatelství,  |c 1952 
300 |a 80 s 
650 7 |a Guličkovanie  |2 stusub 
996 |b 284M020198  |c M*3502-1  |l MMKN  |s A  |a 24  |w stu41849_0001